Design of hydraulic structures with high yield strength deformed bars (Record no. 5549)

MARC details
000 -LEADER
fixed length control field 00594nam a2200181Ia 4500
003 - CONTROL NUMBER IDENTIFIER
control field IN-BaIIA
008 - FIXED-LENGTH DATA ELEMENTS--GENERAL INFORMATION
fixed length control field 211028s9999 xx 000 0 eng d
040 ## - CATALOGING SOURCE
Transcribing agency IIA Library
080 ## - UNIVERSAL DECIMAL CLASSIFICATION NUMBER
Universal Decimal Classification number 624
Item number PAN
100 ## - MAIN ENTRY--PERSONAL NAME
Personal name Pande, G. N.
9 (RLIN) 9650
245 #0 - TITLE STATEMENT
Title Design of hydraulic structures with high yield strength deformed bars
Statement of responsibility, etc. Pande, G. N. And R. Chandra
260 ## - PUBLICATION, DISTRIBUTION, ETC.
Place of publication, distribution, etc. Calcutta
Name of publisher, distributor, etc. Tor-Steel Reseasrch Foundation in India
Date of publication, distribution, etc. 1977
300 ## - PHYSICAL DESCRIPTION
Extent 79p.
650 ## - SUBJECT ADDED ENTRY--TOPICAL TERM
Topical term or geographic name entry element Civil engineering
9 (RLIN) 5496
650 ## - SUBJECT ADDED ENTRY--TOPICAL TERM
Topical term or geographic name entry element NASA Thesaurus
700 ## - ADDED ENTRY--PERSONAL NAME
Personal name Chandra, R.
9 (RLIN) 9651
942 ## - ADDED ENTRY ELEMENTS (KOHA)
Koha item type Books
Holdings
Withdrawn status Lost status Damaged status Not for loan Home library Current library Shelving location Date acquired Cost, normal purchase price Total Checkouts Full call number Barcode Date last seen Cost, replacement price Price effective from Koha item type Purchase Price
        IIA Library-Bangalore IIA Library-Bangalore General Stacks 25/08/1977 15.00   624/ PAN 6211 05/11/2021 15.00 25/08/1977 Books Rs. 15.00

Powered by Koha